000 00586nam a22001577a 4500
003 NUST
082 _a670
100 _aTariq ,Ali
_99312
245 _aMechanical Characterization of Natural Fiber Reinforced Jute/Glass Hybrid Epoxy Composite with Ceramic Reinforcement /
_cAli Tariq
264 _aIslamabad:
_bSMME- NUST.
_c2021.
300 _a84p. ;
_b Soft Copy,
_c30cm.
650 _aMS Design and Manufacturing Engineering
_9119567
700 _aSupervisor : Dr. Najam ul Qadir
_9120899
856 _uhttp://10.250.8.41:8080/xmlui/handle/123456789/23806
942 _2ddc
_cTHE
999 _c608799
_d608799